| 000 | 00495nam a2200169 4500 | ||
|---|---|---|---|
| 003 | SEACOMMC | ||
| 005 | 20250430124401.0 | ||
| 008 | 250111b |||||||| |||| 00| 0 eng d | ||
| 020 |
_a81-7493-732-3 _cRs.140.00 |
||
| 040 | _aSEACOMMC | ||
| 082 |
_a 658.12 _bR 313 |
||
| 100 | _a Reddy, P. N | ||
| 245 | 1 |
_aOffice Organisation and Management _cP. N. Reddy, H. R. Appannaiah & S. Ramesh |
|
| 260 |
_a Mumbai _b Himalaya Publishing House _c 1999 |
||
| 650 | _a Commerce & Management | ||
| 942 | _cBOOK | ||
| 999 |
_c988 _d988 |
||